| Tag |
First Indicator |
Second Indicator |
Subfields |
| LEADER |
00000cam a2200000 i 4500 |
| 001 |
in00004148913 |
| 005 |
20201020065837.0 |
| 006 |
m o d |
| 007 |
cr |n||||||||| |
| 008 |
200305s2018 mau ob 001 eng d |
| 010 |
|
|
|z 2018945860
|
| 020 |
|
|
|a 9780768095432
|q PDF
|
| 020 |
|
|
|z 0768095433
|q PDF
|
| 020 |
|
|
|z 9780768094190
|q epub
|
| 020 |
|
|
|z 0768094194
|q epub
|
| 020 |
|
|
|z 9780768094183
|q html
|
| 020 |
|
|
|z 0768094186
|q html
|
| 020 |
|
|
|z 9780768094206
|q prc
|
| 020 |
|
|
|z 0768094208
|q prc
|
| 020 |
|
|
|z 9780768094176
|q print
|
| 024 |
7 |
|
|a 10.4271/0768094186
|2 doi
|
| 035 |
|
|
|a (CaBNVSL)mat08854883
|
| 035 |
|
|
|a (IDAMS)0b0000648b685f4b
|
| 035 |
|
|
|a (IEEE)8854883
|
| 040 |
|
|
|a CaBNVSL
|b eng
|e rda
|c CaBNVSL
|d CaBNVSL
|d UtOrBLW
|
| 050 |
|
4 |
|a TD886.5
|b .B64 2018eb
|
| 082 |
0 |
4 |
|a 363.7387
|2 23
|
| 100 |
1 |
|
|a Boger, Thorsten,
|e author.
|0 http://id.loc.gov/authorities/names/n2019046375
|
| 245 |
1 |
0 |
|a Reducing particulate emissions in gasoline engines /
|c Thorsten Boger, Willard Cutler.
|
| 264 |
|
1 |
|a Warrendale, Pa. (400 Commonwealth Dr., Wallendale PA USA) :
|b Society of Automotive Engineers,
|c 2018.
|
| 264 |
|
2 |
|a [Piscataqay, New Jersey] :
|b IEEE Xplore,
|c [2018]
|
| 300 |
|
|
|a 1 online resource (350 pages).
|
| 336 |
|
|
|a text
|b txt
|2 rdacontent
|
| 337 |
|
|
|a computer
|b c
|2 rdamedia
|
| 338 |
|
|
|a online resource
|b cr
|2 rdacarrier
|
| 490 |
1 |
|
|a Society of Automotive Engineers. Electronic publications
|
| 504 |
|
|
|a Includes bibliographical references.
|
| 505 |
0 |
|
|a Section 1. Introduction to particulate emissions. Chapter 1. Gasoline engine particulate emissions introduction -- Chapter 2. Health impact of particulates from gasoline engines -- Chapter 3. Regulations and environmental technologies -- Section 2. Fundamentals of particulate emissions. Chapter 4. Soot formation in combustion -- Chapter 5. Fuel impact on particle formation -- Section 3. Particulate emission reduction technologies. Chapter 6. Advanced gasoline combustion and engine controls -- Chapter 7. Gasoline particulate filter design, fundamentals, and function -- Chapter 8. Gasoline particulate filter application and durability -- Chapter 9. Three-way catalyst integration into particulate filters -- Chapter 10. Three-way catalyst gaseous emissions: gasoline particulate filter vs. flow-through substrates -- Chapter 11. Uncoated gasoline particulate filter integration and examples -- Chapter 12. System integration and application for a three-way catalyst-coated gasoline particulate filter -- Section 4. Measurement, modeling and control. Chapter 13. Measurement of gasoline particle emissions: laboratory and on-board vehicle -- Chapter 14. On-board diagnostics for gasoline particulate filters -- Chapter 15. Modeling of gasoline particulate emission control systems and components.
|
| 506 |
|
|
|a Restricted to subscribers or individual electronic text purchasers.
|
| 520 |
|
|
|a This book encompasses the current strategies and technologies used to reduce particulates to meet regulatory requirements and curtail health hazards -- reviewing principles and applications of these techniques.
|
| 530 |
|
|
|a Also available in print.
|
| 538 |
|
|
|a Mode of access: World Wide Web
|
| 588 |
|
|
|a Title from PDF title page (SAE Web site, 01/15/2019)
|
| 588 |
|
|
|a Description based on PDF viewed 03/05/2020.
|
| 650 |
|
0 |
|a Air
|x Pollution.
|0 http://id.loc.gov/authorities/subjects/sh85002574
|
| 650 |
|
0 |
|a Motor vehicles
|x Motors
|x Exhaust gas
|x Environmental aspects.
|
| 655 |
|
7 |
|a Electronic books.
|2 local
|
| 700 |
1 |
|
|a Cutler, Willard,
|e author.
|
| 710 |
2 |
|
|a IEEE Xplore (Online service),
|e distributor.
|0 http://id.loc.gov/authorities/names/no00037063
|
| 710 |
2 |
|
|a Society of Automotive Engineers,
|e publisher.
|
| 776 |
0 |
8 |
|i Print version:
|z 9780768094176
|w (DLC) 2018945860
|
| 810 |
2 |
|
|a Society of Automotive Engineers.
|t Electronic publications.
|
| 830 |
|
0 |
|a Society of Automotive Engineers. Electronic publications.
|
| 856 |
4 |
0 |
|u http://proxy.library.tamu.edu/login?url=https://ieeexplore.ieee.org/xpl/bkabstractplus.jsp?bkn=8854883
|z Connect to the full text of this electronic book
|t 0
|
| 955 |
|
|
|a SAE ebooks
|
| 999 |
f |
f |
|s f7e2c218-5a3e-30af-9f6d-b99f2c9692da
|i 1dbb7190-0e58-33df-bed0-0ce62d2ded5c
|t 0
|
| 952 |
f |
f |
|a Texas A&M University
|b College Station
|c Electronic Resources
|d Available Online
|t 0
|e TD886.5 .B64 2018eb
|h Library of Congress classification
|
| 998 |
f |
f |
|a TD886.5 .B64 2018eb
|t 0
|l Available Online
|